000 00508nam a22001697a 4500
005 20251108172325.0
008 250721s2000 xx 000 0 ara d
082 1 4 _a371.3/عقي
100 1 _aعقيلان، إبراهيم محمد
245 1 0 _aمناهج الرياضيات و أساليب تدريسها /
264 1 _aعمان :
_bدار المسيرة،
_c2000.
300 _a282ص
650 1 7 _aالرياضيات
650 1 7 _aأساليب التدريس
942 _2ddc
_cBK
999 _c76210
_d76210